000 00861nam a2200253Ia 4500
003 OSt
005 20221005113355.0
006 a|||||r|||| 00| 0
007 ta
008 221004b |||||||| |||| 00| 0 pan d
020 _a9789380672564 (hbk)
_c120
024 _a13999
037 _b871, 14/08/2014, H.K. Prakashan
_cTextual
040 _aCRL
_cCRL
_bpan
041 _2pan
_apan
082 _aO153,1NGUx, Q1
100 _aਗੁਰਪ੍ਰੀਤ
245 0 _aਸਿਆਹੀ ਘੁਲ.ੀ ਹੈ
_b ਕਵਿਤਾਵਾਂ
260 _aਮਾਨਸਾ
_bਉਡਾਨ ਪਬਲੀਕੇFਨਗ਼ ਭਾਰਤ
_c2011
300 _a96ਪੰ
_ccm.
650 _aਪੰਜਾਬੀ ਸਾਹਿਤ
942 _hO153,1NGUx, Q1
_cTEXL
_2cc
999 _c1027961
_d1027961